000 00696nmm a2200169Ia 4500
008 251105s9999||||xx |||||||||||||||||und||
020 _a9788499800066
041 _aspa
100 _aGuillén, Carmen (coord.)
245 0 _aDidáctica del francés : El diseño del currículo de francés lengua extranjera en la educación secundaria obligatoria y el bachillerato. Aspectos metodológicos y técnicos
264 _a[Madrid, España] :
_bMinisterio de Educación, Cultura y Deporte de España,
_c2010
300 _a184 páginas
490 _aFormación del profesorado. Educación secundaria
650 _aEducation
856 _uhttps://public.digitaliapublishing.com/a/30248
942 _cCF
999 _c93225
_d93225